000 00442nam a22001817a 4500
003 MPLRDC
005 20220104125344.0
008 210129b ||||| |||| 00| 0 eng d
020 _a7-202-00180-2
082 _a857.9 XYa-27 v.2
100 _a萧逸
245 _a铁旗怪侠传. 下
_c
250 _a一版一刷
260 _a
_b河北人民出版社
_c1988
300 _b
650 _a武侠小说
942 _cBK
_o857.9 XYa-27 v.2
999 _c26701
_d26691